| 000 | 01219naa a2200205 i 4500 | ||
|---|---|---|---|
| 001 | 8933 | ||
| 003 | KOSZ 005 | ||
| 005 | 20180312111759.0 | ||
| 008 | 140903s1990 pl f |100 0 pol | ||
| 040 |
_cBPK _dKOSZ 005/EG |
||
| 041 | _apol | ||
| 100 | 1 |
_aOWCZARZAK, Janusz. _d1980 - 1990. _bWyższa Szkoła Inżynierska w Koszalinie - Instytut Konstrukcji i Eksploatacji Maszyn, _cZakład Maszyn Przemysłu Spożywczego |
|
| 245 | 1 | 0 |
_aRozkład granulometryczny materiału rozdrobnionego w kutrze / _cJanusz Owczarzak, Władysław Tarasewicz, Tadeusz Bil. |
| 650 | 0 | _aRozdrabnianie - narzędzia i maszyny. | |
| 700 | 1 |
_aBIL, Tadeusz. _bWyższa Szkoła Inżynierska w Koszalinie - Wydział Mechaniczny, _cZakład Technologii Maszyn _d1974 - 1996. |
|
| 700 | 1 |
_aTARASEWICZ, Władysław. _bWyższa Szkoła Inżynierska w Koszalinie - Instytut Konstrukcji i Eksploatacji Maszyn, _cZakład Maszyn Przemysłu Spożywczego _d1983 - 1991. |
|
| 711 | 2 | 2 |
_aBudowa i eksploatacja maszyn w przemyśle spożywczym _n(5 ; _d1990 ; _cPoznań - Błażejewko). |
| 773 | 0 |
_iW : _tV Konferencja naukowo-techniczna "Budowa i eksploatacja maszyn w przemyśle spożywczym". - _dPoznań, 1990. - _gs. 98-99 |
|
| 942 |
_cROZ _2UKD |
||
| 999 |
_c8933 _d8933 |
||